Влияние ультразвуковой обработки нефти на её физико-химические свойства; Химия и химическая технология в XXI веке

Bibliografski detalji
Parent link:Химия и химическая технология в XXI веке.— 2020.— [С. 417-418]
Glavni autor: Чайкина Я. И.
Autor kompanije: Национальный исследовательский Томский политехнический университет Инженерная школа природных ресурсов Отделение химической инженерии
Daljnji autori: Кривцова Н. И. Надежда Игоревна (научный руководитель)
Sažetak:Заглавие с экрана
Jezik:ruski
Izdano: 2020
Serija:Технология и моделирование процессов подготовки и переработки углеводородного сырья
Teme:
Online pristup:http://earchive.tpu.ru/handle/11683/63438
Format: Elektronički Poglavlje knjige
KOHA link:https://koha.lib.tpu.ru/cgi-bin/koha/opac-detail.pl?biblionumber=631934

MARC

LEADER 00000naa2a2200000 4500
001 631934
005 20231101133703.0
035 |a (RuTPU)RU\TPU\conf\33635 
035 |a RU\TPU\conf\33631 
090 |a 631934 
100 |a 20200924d2020 k y0rusy50 ca 
101 0 |a rus 
102 |a RU 
105 |a y z 101zy 
135 |a drgn ---uucaa 
181 0 |a i  
182 0 |a b 
200 1 |a Влияние ультразвуковой обработки нефти на её физико-химические свойства  |f Я. И. Чайкина  |g науч. рук. Н. И. Кривцова 
203 |a Текст  |c электронный 
225 1 |a Технология и моделирование процессов подготовки и переработки углеводородного сырья 
230 |a 1 компьютерный файл (pdf; 862 Kb) 
300 |a Заглавие с экрана 
320 |a [Библиогр.: с. 418 (2 назв.)] 
463 0 |0 (RuTPU)RU\TPU\conf\32967  |t Химия и химическая технология в XXI веке  |o материалы XXI Международной научно-практической конференции студентов и молодых ученых имени выдающихся химиков Л. П. Кулёва и Н. М. Кижнера, посвященной 110-летию со дня рождения профессора А. Г. Стромберга, 21–24 сентября 2020 г., г. Томск  |f Национальный исследовательский Томский политехнический университет  |v [С. 417-418]  |d 2020 
610 1 |a электронный ресурс 
610 1 |a труды учёных ТПУ 
610 1 |a ультразвуковая обработка 
610 1 |a нефти 
610 1 |a физико-химические свойства 
610 1 |a месторождения 
700 1 |a Чайкина  |b Я. И. 
702 1 |a Кривцова  |b Н. И.  |c химик-технолог  |c доцент Томского политехнического университета, кандидат технических наук  |f 1983-  |g Надежда Игоревна  |2 stltpush  |4 727 
712 0 2 |a Национальный исследовательский Томский политехнический университет  |b Инженерная школа природных ресурсов  |b Отделение химической инженерии  |h 8085  |2 stltpush  |3 (RuTPU)RU\TPU\col\23513 
801 2 |a RU  |b 63413507  |c 20201125  |g RCR 
856 4 |u http://earchive.tpu.ru/handle/11683/63438 
942 |c BK